Bienvenue à la E-Bibliothèque de l’UEH

Bénéficiez l'accès à des milliers de ressources en ligne

Utopie et catastrophe : (notice nᵒ 10234)

détails MARC
000 -LEADER
fixed length control field 02680 a2200325 4500
001 - CONTROL NUMBER
control field OB-pur-177771
003 - CONTROL NUMBER IDENTIFIER
control field FrMaCLE
005 - DATE AND TIME OF LATEST TRANSACTION
control field 20251214082733.0
007 - PHYSICAL DESCRIPTION FIXED FIELD--GENERAL INFORMATION
fixed length control field cu ||||||m||||
008 - FIXED-LENGTH DATA ELEMENTS--GENERAL INFORMATION
fixed length control field 221214e||||||||xx |||||s|||||||||0|fr|d
020 ## - INTERNATIONAL STANDARD BOOK NUMBER
International Standard Book Number 978-2-7535-9159-2
024 7# - OTHER STANDARD IDENTIFIER
Standard number or code 10.4000/books.pur.177771
Source of number or code doi
040 ## - CATALOGING SOURCE
Original cataloging agency FR-FrMaCLE
041 ## - LANGUAGE CODE
Language code of text/sound track or separate title fra
100 1# - MAIN ENTRY--PERSONAL NAME
Personal name Engélibert, Jean-Paul
245 10 - TITLE STATEMENT
Title Utopie et catastrophe :
Remainder of title Revers et renaissances de l’utopie (xvie-xxie siècle) /
Statement of responsibility, etc. Jean-Paul Engélibert, Raphaëlle Guidée.
260 ## - PUBLICATION, DISTRIBUTION, ETC.
Place of publication, distribution, etc. Rennes :
Name of publisher, distributor, etc. Presses universitaires de Rennes,
Date of publication, distribution, etc. 2022.
300 ## - PHYSICAL DESCRIPTION
Extent 264 p.
500 ## - GENERAL NOTE
General note Ebook
520 ## - SUMMARY, ETC.
Summary, etc. Le sentiment domine aujourd’hui que l’utopie serait derrière nous : les contre-utopies occupent notre imagination, comme pour refléter la fin des espérances politiques et l’absence d’horizon de notre siècle désenchanté. Après la chaîne de catastrophes du xxe siècle, qui aurait démontré que l’utopie n’a rien à faire avec la réalité historique, l’utopie n’aurait plus d’intérêt, désormais, que pour l’histoire littéraire : on pourrait en dresser le bilan comme d’une forme du passé sans songer à en poursuivre la tradition, de toute façon épuisée, ni la renouveler. Mais la vogue actuelle de la contre-utopie est-elle vraiment le symptôme d’une société malade qui ne saurait plus éprouver d’enthousiasme ? Les contre-utopies n’ont-elles pas quelque chose à nous apprendre sur l’utopie elle-même, et sur l’ambiguïté fondamentale du genre depuis ses origines ? Enfin n’observe-t-on pas aujourd’hui, en réplique au catastrophisme présent, un renouveau de l’imaginaire utopique dans la littérature et les arts, dont les formes et les enjeux restent à comprendre ? À rebours des discours critiques ou mélancoliques, ce numéro de La Licorne examine cinq siècles d’histoire d’un genre bien plus divers et ambigu qu’on ne le croit souvent. Montrant les zones d’ombre des utopies classiques et la résistance de l’élan utopique au cœur des textes contemporains les plus sombres, les articles rassemblés ici invitent à redécouvrir un imaginaire critique dont on ne saurait concevoir, même et surtout en ces temps de catastrophe, l’épuisement.
540 ## - TERMS GOVERNING USE AND REPRODUCTION NOTE
Terms governing use and reproduction OpenEdition Books License
Uniform Resource Identifier <a href="https://www.openedition.org/12554">https://www.openedition.org/12554</a>
650 #4 - SUBJECT ADDED ENTRY--TOPICAL TERM
Topical term or geographic name entry element Literature (General)
Topical term or geographic name entry element littérature
Topical term or geographic name entry element utopie
Topical term or geographic name entry element catastrophisme
700 1# - ADDED ENTRY--PERSONAL NAME
Personal name Guidée, Raphaëlle
760 0# - MAIN SERIES ENTRY
International Standard Serial Number 2968-255X
776 ## - ADDITIONAL PHYSICAL FORM ENTRY
International Standard Book Number 978-2-7535-4009-5
856 4# - ELECTRONIC LOCATION AND ACCESS
Data provenance Engélibert, Jean-Paul
Uniform Resource Identifier <a href="https://books.openedition.org/pur/177771">https://books.openedition.org/pur/177771</a>
Link text Utopie et catastrophe

Pas d'exemplaire disponible.

Bibliothèque universitaire de l'UEH
Portail centralisé donnant accès au catalogue, aux ressources numériques et aux productions scientifiques de l’Université d’État d’Haïti.

Plateformes institutionnelles

  • Dépôt institutionnel UEH
  • Revues scientifiques UEH
  • GED institutionnelle
  • UEH enseignement à distance

Contact

  • Adresse : 21 Rue Rivière, Port-au-Prince
  • Email : bibliotheque@ueh.edu.ht
  • Téléphone : +509 22-45-68-43 / 22-45-68-44
  • Heures : Lundi–Vendredi 8h–16h
© 2026 UEH – E-Bibliothèque de l’Université d’État d’Haïti | À propos | Confidentialité | Conditions | Mentions légales | Accessibilité | Plan du site | Contact